[Event "d12"]
[Site "?"]
[Date "2020.08.28"]
[Round "8.3"]
[White "Sprzeczka, Emilia"]
[Black "Seemann, Pola"]
[Result "0-1"]
[BlackElo "1226"]
[WhiteElo "1381"]
[LiveChessVersion "1.4.8"]

1. e4 {[%clk 0:15:17]} e5 {[%clk 0:15:19]} 2. Nf3 {[%clk 0:15:25]} Nc6
{[%clk 0:15:28]} 3. d4 {[%clk 0:15:32]} exd4 {[%clk 0:15:35]} 4. Nxd4
{[%clk 0:15:40]} Nf6 {[%clk 0:15:43]} 5. Nc3 {[%clk 0:15:48]} Bb4
{[%clk 0:15:47]} 6. Nxc6 {[%clk 0:15:55]} bxc6 {[%clk 0:15:55]} 7. Bd3
{[%clk 0:16:03]} O-O {[%clk 0:15:57]} 8. O-O {[%clk 0:15:59]} d5 {[%clk 0:16:00]}
9. exd5 {[%clk 0:16:06]} cxd5 {[%clk 0:16:07]} 10. Bg5 {[%clk 0:16:08]} Be7
{[%clk 0:16:13]} 11. Bxf6 {[%clk 0:15:49]} Bxf6 {[%clk 0:16:20]} 12. Qh5
{[%clk 0:15:52]} h6 {[%clk 0:16:08]} 13. Qxd5 {[%clk 0:14:44]} Qxd5
{[%clk 0:15:16]} 14. Nxd5 {[%clk 0:14:50]} Bxb2 {[%clk 0:15:07]} 15. Rab1
{[%clk 0:14:36]} Be5 {[%clk 0:15:05]} 16. Rfe1 {[%clk 0:12:21]} Bd6
{[%clk 0:14:21]} 17. Ne7+ {[%clk 0:11:03]} Kh8 {[%clk 0:13:52]} 18. Be4
{[%clk 0:10:38]} c6 {[%clk 0:12:43]} 19. Nxc6 {[%clk 0:07:15]} Bd7
{[%clk 0:12:10]} 20. Ne5 {[%clk 0:04:09]} Rad8 {[%clk 0:11:38]} 21. Bf3
{[%clk 0:03:36]} Be6 {[%clk 0:09:59]} 22. h3 {[%clk 0:02:28]} Rc8
{[%clk 0:09:08]} 23. Ng6+ {[%clk 0:01:09]} fxg6 {[%clk 0:09:01]} 24. Rxe6
{[%clk 0:01:17]} Rf6 {[%clk 0:08:47]} 25. Rxf6 {[%clk 0:01:00]} gxf6
{[%clk 0:08:55]} 26. Be4 {[%clk 0:01:02]} f5 {[%clk 0:08:32]} 27. Bd3
{[%clk 0:01:10]} Bc5 {[%clk 0:08:28]} 28. Rb7 {[%clk 0:01:06]} Re8
{[%clk 0:08:23]} 29. Kf1 {[%clk 0:01:12]} Bb6 {[%clk 0:08:20]} 30. Bc4
{[%clk 0:01:00]} Re4 {[%clk 0:07:33]} 31. Bd3 {[%clk 0:01:00]} Ra4
{[%clk 0:07:30]} 32. Rd7 {[%clk 0:00:40]} Rxa2 {[%clk 0:07:18]} 33. Rd6
{[%clk 0:00:39]} Kg7 {[%clk 0:07:22]} 34. g4 {[%clk 0:00:44]} Ra5
{[%clk 0:07:07]} 35. gxf5 {[%clk 0:00:28]} gxf5 {[%clk 0:07:12]} 36. Kg2
{[%clk 0:00:34]} Re5 {[%clk 0:06:42]} 37. Kg3 {[%clk 0:00:30]} Re7
{[%clk 0:06:12]} 38. Kf3 {[%clk 0:00:17]} Rf7 {[%clk 0:06:12]} 39. Rc6
{[%clk 0:00:23]} h5 {[%clk 0:05:33]} 40. Kg3 {[%clk 0:00:21]} Bd4
{[%clk 0:05:04]} 41. f3 {[%clk 0:00:16]} Bf6 {[%clk 0:05:03]} 42. Kf4
{[%clk 0:00:16]} Bd8 {[%clk 0:04:12]} 43. Kg3 {[%clk 0:00:12]} Bf6
{[%clk 0:03:44]} 44. Ra6 {[%clk 0:00:16]} Bg5 {[%clk 0:03:38]} 45. f4
{[%clk 0:00:19]} h4+ {[%clk 0:03:37]} 46. Kf3 {[%clk 0:00:27]} Bd8
{[%clk 0:03:34]} 47. Rd6 {[%clk 0:00:24]} Bb6 {[%clk 0:03:29]} 48. c4
{[%clk 0:00:22]} Rf6 {[%clk 0:03:03]} 49. Rd7+ {[%clk 0:00:27]} Kg6
{[%clk 0:03:01]} 50. Rd5 {[%clk 0:00:34]} Bc7 {[%clk 0:02:49]} 51. c5
{[%clk 0:00:41]} Rf7 {[%clk 0:02:27]} 52. Bc4 {[%clk 0:00:36]} Rf6
{[%clk 0:02:29]} 53. Bb5 {[%clk 0:00:41]} Kg7 {[%clk 0:02:24]} 54. c6
{[%clk 0:00:46]} Rf7 {[%clk 0:02:06]} 55. Rc5 {[%clk 0:00:19]} Kf6
{[%clk 0:01:33]} 56. Bc4 {[%clk 0:00:21]} Rg7 {[%clk 0:01:33]} 57. Bd3
{[%clk 0:00:17]} Rg3+ {[%clk 0:01:32]} 58. Ke2 {[%clk 0:00:26]} Rxh3
{[%clk 0:01:22]} 59. Rxf5+ {[%clk 0:00:30]} Ke6 {[%clk 0:01:29]} 60. Rh5
{[%clk 0:00:32]} Kf6 {[%clk 0:01:05]} 61. f5 Rh2+ {[%clk 0:00:44]} 62. Kf3
{[%clk 0:00:29]} Rh3+ {[%clk 0:00:50]} 63. Ke4 {[%clk 0:00:33]} Rh1
{[%clk 0:00:43]} 64. Rh6+ {[%clk 0:00:29]} Kg7 {[%clk 0:00:41]} 65. Rg6+
{[%clk 0:00:36]} Kf8 {[%clk 0:00:39]} 66. Rh6 {[%clk 0:00:31]} Kg7
{[%clk 0:00:47]} 67. Re6 {[%clk 0:00:29]} Re1+ {[%clk 0:00:41]} 68. Kd5
{[%clk 0:00:33]} Rxe6 {[%clk 0:00:27]} 69. Kxe6 {[%clk 0:00:25]} h3
{[%clk 0:00:26]} 70. Be4 {[%clk 0:00:19]} h2 {[%clk 0:00:29]} 71. Kd7
{[%clk 0:00:17]} Bb6 {[%clk 0:00:38]} 72. c7 {[%clk 0:00:24]} Bxc7
{[%clk 0:00:46]} 73. Kxc7 {[%clk 0:00:33]} Kf6 {[%clk 0:00:55]} 74. Kb7
{[%clk 0:00:38]} a5 {[%clk 0:01:03]} 75. Bc6 {[%clk 0:00:14]} a4 {[%clk 0:01:12]}
76. Kb6 {[%clk 0:00:16]} a3 {[%clk 0:01:21]} 77. Bd5 {[%clk 0:00:23]} a2
{[%clk 0:01:30]} 78. Bxa2 {[%clk 0:00:31]} h1=Q {[%clk 0:01:38]} 0-1

[Event "d12"]
[Site "?"]
[Date "2020.08.28"]
[Round "8.4"]
[White "Wojs, Alicja"]
[Black "Kulczycka, Zofia"]
[Result "1/2-1/2"]
[BlackElo "1149"]
[WhiteElo "1432"]
[LiveChessVersion "1.4.8"]

1. e4 c5 {[%clk 0:15:16]} 2. Nf3 {[%clk 0:15:27]} d6 {[%clk 0:15:24]} 3. d4
{[%clk 0:15:35]} cxd4 {[%clk 0:15:32]} 4. Nxd4 {[%clk 0:15:43]} Nf6
{[%clk 0:15:40]} 5. Nc3 {[%clk 0:15:52]} g6 {[%clk 0:15:48]} 6. Be3
{[%clk 0:15:58]} Bg7 {[%clk 0:15:55]} 7. f3 {[%clk 0:16:06]} O-O {[%clk 0:16:01]}
8. Qd2 {[%clk 0:16:14]} d5 {[%clk 0:16:06]} 9. exd5 {[%clk 0:16:08]} Nxd5
{[%clk 0:16:12]} 10. Nxd5 {[%clk 0:16:07]} Qxd5 {[%clk 0:16:17]} 11. a3
{[%clk 0:15:52]} Nc6 {[%clk 0:15:52]} 12. Nxc6 {[%clk 0:14:34]} Qxc6
{[%clk 0:14:38]} 13. O-O-O {[%clk 0:14:18]} Bf5 {[%clk 0:13:44]} 14. Qf2
{[%clk 0:13:36]} Rac8 {[%clk 0:12:31]} 15. Bd3 {[%clk 0:12:56]} Bxd3
{[%clk 0:10:46]} 16. Rxd3 {[%clk 0:13:04]} Qb5 {[%clk 0:10:02]} 17. Rd4
{[%clk 0:10:22]} Bxd4 {[%clk 0:07:54]} 18. Bxd4 {[%clk 0:10:31]} Rc6
{[%clk 0:05:14]} 19. Re1 {[%clk 0:09:45]} Rfc8 {[%clk 0:03:00]} 20. c3
{[%clk 0:09:19]} Qg5+ {[%clk 0:02:51]} 21. Kb1 {[%clk 0:09:11]} Qb5
{[%clk 0:02:41]} 22. Ka1 {[%clk 0:09:13]} e6 {[%clk 0:02:22]} 23. Qh4
{[%clk 0:08:45]} Qh5 {[%clk 0:01:47]} 24. Qf6 {[%clk 0:07:47]} e5
{[%clk 0:01:33]} 25. Qxe5 {[%clk 0:07:53]} Qxe5 {[%clk 0:01:42]} 26. Rxe5
{[%clk 0:08:02]} a6 {[%clk 0:01:26]} 27. Re7 {[%clk 0:08:05]} R6c7
{[%clk 0:01:26]} 28. Re1 {[%clk 0:08:11]} Rd7 {[%clk 0:01:19]} 29. Kb1
{[%clk 0:08:10]} Rdd8 {[%clk 0:01:20]} 30. Re2 {[%clk 0:08:04]} Re8
{[%clk 0:01:27]} 31. Rd2 {[%clk 0:08:13]} Re1+ {[%clk 0:01:21]} 32. Kc2
{[%clk 0:08:21]} Rce8 {[%clk 0:01:26]} 33. Kd3 {[%clk 0:08:22]} Rh1
{[%clk 0:01:15]} 34. h3 {[%clk 0:07:53]} Rhe1 {[%clk 0:01:22]} 35. Bf2
{[%clk 0:07:38]} Rd8+ {[%clk 0:00:50]} 36. Bd4 {[%clk 0:07:47]} Rd5
{[%clk 0:00:45]} 37. Kc4 {[%clk 0:07:40]} Rd8 {[%clk 0:00:47]} 38. Kd3
{[%clk 0:07:48]} Rd5 {[%clk 0:00:49]} 39. Kc4 {[%clk 0:07:57]} Rb5
{[%clk 0:00:58]} 40. a4 {[%clk 0:07:52]} Ra5 {[%clk 0:00:43]} 41. Kb4
{[%clk 0:08:00]} Rd5 {[%clk 0:00:50]} 42. Kc4 {[%clk 0:08:09]} Rd8
{[%clk 0:00:53]} 43. Kd3 {[%clk 0:08:16]} Re6 {[%clk 0:00:46]} 44. Kc2
{[%clk 0:08:06]} Rde8 {[%clk 0:00:48]} 45. Kd3 {[%clk 0:08:13]} b5
{[%clk 0:00:53]} 46. axb5 {[%clk 0:08:19]} axb5 {[%clk 0:01:01]} 47. b3
{[%clk 0:08:17]} Ra8 {[%clk 0:00:53]} 48. c4 {[%clk 0:08:05]} Ra3
{[%clk 0:00:55]} 49. Kc3 {[%clk 0:08:09]} bxc4 {[%clk 0:00:51]} 50. Kxc4
{[%clk 0:08:12]} Rc6+ {[%clk 0:00:53]} 51. Kb4 {[%clk 0:08:12]} Ra8
{[%clk 0:00:43]} 52. Re2 {[%clk 0:08:10]} Rb8+ {[%clk 0:00:49]} 53. Ka3
{[%clk 0:08:19]} Ra6+ {[%clk 0:00:57]} 54. Kb2 {[%clk 0:08:27]} Rba8
{[%clk 0:01:03]} 55. Kc3 {[%clk 0:08:28]} Ra3 {[%clk 0:01:00]} 56. g4
{[%clk 0:08:01]} Ra1 {[%clk 0:00:41]} 57. Re3 {[%clk 0:07:48]} Rh1
{[%clk 0:00:36]} 58. f4 {[%clk 0:07:52]} Rf1 {[%clk 0:00:43]} 59. Be5
{[%clk 0:07:51]} Rc8+ {[%clk 0:00:37]} 60. Kb2 {[%clk 0:07:54]} Rf2+
{[%clk 0:00:26]} 61. Ka3 {[%clk 0:07:59]} Ra8+ {[%clk 0:00:33]} 62. Kb4
{[%clk 0:08:08]} f6 {[%clk 0:00:38]} 63. Bd6 {[%clk 0:07:57]} Rd8
{[%clk 0:00:38]} 64. Re6 {[%clk 0:07:49]} Kf7 {[%clk 0:00:33]} 65. Re7+
{[%clk 0:07:56]} Kg8 {[%clk 0:00:31]} 66. Re6 {[%clk 0:08:03]} Kf7
{[%clk 0:00:23]} 1/2-1/2

[Event "d12"]
[Site "?"]
[Date "2020.08.28"]
[Round "8.5"]
[White "Pniewska, Beata"]
[Black "Gaszka, Zuzanna"]
[Result "0-1"]
[BlackElo "1270"]
[WhiteElo "1354"]
[LiveChessVersion "1.4.8"]

1. e4 e5 2. Nf3 Nc6 3. Bc4 Nf6 4. Ng5 d5 5. exd5 Nd4 6. c3 b5 7. cxd4 bxc4 8.
dxe5 Nxd5 9. d3 Bb4+ 10. Bd2 Qxg5 11. Bxb4 Qxg2 12. Rf1 Nxb4 13. Qa4+ Nc6 14.
Qxc4 Nxe5 15. Qxc7 Nxd3+ 16. Kd2 O-O 17. Nc3 Bf5 18. Qg3 Qxg3 19. fxg3 Bg6 20. b3
Rad8 21. Kc2 Rc8 22. Kd2 Rfd8 23. Kc2 Nb4+ 24. Kb2 Rd2+ 25. Ka3 Nc2+ 26. Kb2
Nxa1+ 27. Kxa1 Rxc3 28. Re1 h6 0-1

[Event "d12"]
[Site "?"]
[Date "2020.08.28"]
[Round "8.6"]
[White "Moczala, Maja"]
[Black "Babinska, Liwia"]
[Result "1-0"]
[BlackElo "1200"]
[WhiteElo "1290"]
[LiveChessVersion "1.4.8"]

1. e4 {[%clk 0:15:18]} e5 {[%clk 0:15:19]} 2. Nf3 {[%clk 0:15:26]} Nc6
{[%clk 0:15:27]} 3. Nc3 {[%clk 0:15:34]} Nf6 {[%clk 0:15:34]} 4. d4
{[%clk 0:15:42]} exd4 {[%clk 0:15:42]} 5. Nxd4 {[%clk 0:15:50]} Nxd4
{[%clk 0:15:49]} 6. Qxd4 {[%clk 0:15:57]} d6 {[%clk 0:15:57]} 7. Bc4
{[%clk 0:15:56]} Be6 {[%clk 0:16:04]} 8. Bb3 {[%clk 0:15:42]} Be7
{[%clk 0:16:09]} 9. Be3 {[%clk 0:15:25]} O-O {[%clk 0:16:13]} 10. O-O
{[%clk 0:15:15]} c5 {[%clk 0:16:17]} 11. Qd2 {[%clk 0:15:04]} Qd7
{[%clk 0:16:18]} 12. f3 {[%clk 0:15:00]} Rad8 {[%clk 0:16:21]} 13. Rad1
{[%clk 0:14:49]} a6 {[%clk 0:16:16]} 14. Nd5 {[%clk 0:14:35]} Bxd5
{[%clk 0:16:14]} 15. Bxd5 {[%clk 0:14:41]} Nxd5 {[%clk 0:16:22]} 16. Qxd5
{[%clk 0:14:45]} Bf6 {[%clk 0:16:21]} 17. c3 {[%clk 0:14:49]} b6 {[%clk 0:16:25]}
18. Bf4 {[%clk 0:14:43]} Be7 {[%clk 0:16:21]} 19. e5 {[%clk 0:14:30]} Qe6
{[%clk 0:15:51]} 20. Qxe6 {[%clk 0:14:22]} fxe6 {[%clk 0:15:58]} 21. exd6
{[%clk 0:14:00]} Rxf4 {[%clk 0:16:04]} 22. dxe7 {[%clk 0:14:07]} Rxd1
{[%clk 0:15:50]} 23. e8=Q+ {[%clk 0:14:00]} Rf8 {[%clk 0:15:58]} 24. Qxf8+
{[%clk 0:14:08]} Kxf8 {[%clk 0:16:06]} 25. Rxd1 {[%clk 0:14:17]} Kf7
{[%clk 0:16:15]} 26. Rd6 {[%clk 0:14:25]} Kf6 {[%clk 0:16:17]} 27. Rxb6
{[%clk 0:14:33]} a5 {[%clk 0:16:26]} 28. Rb5 {[%clk 0:14:42]} c4 {[%clk 0:16:35]}
29. Rxa5 {[%clk 0:14:50]} e5 {[%clk 0:16:43]} 30. Rc5 {[%clk 0:14:52]} Kf5
{[%clk 0:16:52]} 31. a4 {[%clk 0:14:59]} Kf4 {[%clk 0:17:00]} 32. a5
{[%clk 0:15:08]} e4 {[%clk 0:17:05]} 33. fxe4 {[%clk 0:15:12]} Kxe4
{[%clk 0:17:13]} 34. a6 {[%clk 0:15:20]} g5 {[%clk 0:17:20]} 35. a7
{[%clk 0:15:26]} Kd3 {[%clk 0:17:24]} 36. a8=Q {[%clk 0:15:30]} h6
{[%clk 0:17:33]} 37. Qd8+ {[%clk 0:15:35]} Kc2 {[%clk 0:17:39]} 38. Rf5
{[%clk 0:15:24]} h5 {[%clk 0:17:45]} 39. Rf2+ {[%clk 0:15:31]} Kb3
{[%clk 0:17:52]} 40. Qb6+ {[%clk 0:15:39]} Ka2 {[%clk 0:17:51]} 41. Rf1
{[%clk 0:15:37]} g4 {[%clk 0:17:57]} 42. Qb5 g3 {[%clk 0:17:55]} 43. Qa4+
{[%clk 0:15:51]} 1-0

[Event "d12"]
[Site "?"]
[Date "2020.08.28"]
[Round "8.7"]
[White "Gladyszewska, Kinga"]
[Black "Kawa, Anna"]
[Result "1-0"]
[BlackElo "1207"]
[WhiteElo "1151"]
[LiveChessVersion "1.4.8"]

1. e4 {[%clk 0:15:19]} Nc6 {[%clk 0:15:15]} 2. Nf3 {[%clk 0:15:26]} f5
{[%clk 0:15:21]} 3. exf5 {[%clk 0:15:30]} Nh6 {[%clk 0:15:25]} 4. Nc3
{[%clk 0:15:25]} Nxf5 {[%clk 0:15:31]} 5. Bc4 {[%clk 0:14:45]} d6
{[%clk 0:15:25]} 6. Ng5 {[%clk 0:11:57]} Ne5 {[%clk 0:15:09]} 7. Bb3
{[%clk 0:11:02]} Nd4 {[%clk 0:13:14]} 8. d3 {[%clk 0:07:26]} Nxb3
{[%clk 0:12:33]} 9. axb3 {[%clk 0:07:34]} Bd7 {[%clk 0:12:25]} 10. d4
{[%clk 0:06:28]} Ng6 {[%clk 0:11:24]} 11. Qf3 {[%clk 0:06:21]} Bc8
{[%clk 0:09:10]} 12. Qf7+ {[%clk 0:06:24]} Kd7 {[%clk 0:09:17]} 13. Ne6
{[%clk 0:05:40]} Qe8 {[%clk 0:07:51]} 14. Qxe8+ {[%clk 0:05:46]} Kxe8
{[%clk 0:08:00]} 15. Nxc7+ {[%clk 0:05:54]} Kd7 {[%clk 0:08:08]} 16. Nxa8
{[%clk 0:06:02]} e6 {[%clk 0:08:01]} 17. Rxa7 {[%clk 0:06:08]} Be7
{[%clk 0:08:09]} 18. Nb6+ Kc7 {[%clk 0:08:14]} 19. Nxc8 {[%clk 0:05:56]} Rxc8
{[%clk 0:08:22]} 20. O-O {[%clk 0:06:01]} Kb6 {[%clk 0:08:31]} 21. Ra1
{[%clk 0:06:04]} d5 {[%clk 0:08:31]} 22. Bd2 {[%clk 0:05:55]} Bb4
{[%clk 0:08:37]} 23. Na4+ {[%clk 0:05:55]} Kb5 {[%clk 0:08:45]} 24. Bxb4
{[%clk 0:05:59]} Kxb4 {[%clk 0:08:53]} 25. Nc3 {[%clk 0:05:43]} b5
{[%clk 0:08:45]} 26. Na2+ {[%clk 0:05:21]} Ka5 {[%clk 0:08:53]} 27. c3
{[%clk 0:05:25]} Kb6 {[%clk 0:08:58]} 28. Nb4 {[%clk 0:05:32]} Nf4
{[%clk 0:08:58]} 29. Ra6+ {[%clk 0:05:31]} Kb7 {[%clk 0:09:06]} 30. Rfa1
{[%clk 0:05:39]} Kc7 {[%clk 0:09:01]} 31. Rc6+ {[%clk 0:05:35]} Kd8
{[%clk 0:09:09]} 32. Rxc8+ {[%clk 0:05:41]} Kxc8 {[%clk 0:09:18]} 33. Ra7
{[%clk 0:05:46]} Nh5 {[%clk 0:09:20]} 34. Re7 {[%clk 0:05:51]} Kd8
{[%clk 0:09:24]} 35. Rxe6 {[%clk 0:05:58]} Kd7 {[%clk 0:09:33]} 36. Rb6
{[%clk 0:06:05]} Nf6 {[%clk 0:09:40]} 37. Rxb5 {[%clk 0:06:12]} Ne4
{[%clk 0:09:48]} 38. Nxd5 {[%clk 0:06:10]} Kc6 {[%clk 0:09:56]} 39. c4
{[%clk 0:06:13]} Nd6 {[%clk 0:10:03]} 40. Rc5+ {[%clk 0:06:21]} Kd7
{[%clk 0:10:12]} 41. Ne3 {[%clk 0:06:24]} Ke6 {[%clk 0:10:20]} 42. b4
{[%clk 0:06:22]} Nb7 {[%clk 0:10:26]} 43. Rc6+ {[%clk 0:06:28]} Kd7
{[%clk 0:10:33]} 44. b5 {[%clk 0:06:35]} Nd6 {[%clk 0:10:41]} 45. Rxd6+
{[%clk 0:06:15]} Kxd6 {[%clk 0:10:49]} 46. Kf1 {[%clk 0:06:23]} g6
{[%clk 0:10:58]} 47. Ke2 {[%clk 0:06:32]} h6 {[%clk 0:11:07]} 48. Kd3
{[%clk 0:06:41]} g5 {[%clk 0:11:16]} 49. c5+ {[%clk 0:06:50]} Kd7
{[%clk 0:11:24]} 50. Kc4 {[%clk 0:06:58]} Kc7 {[%clk 0:11:33]} 51. b6+
{[%clk 0:07:03]} Kb7 {[%clk 0:11:41]} 52. Kb5 {[%clk 0:07:11]} h5
{[%clk 0:11:50]} 53. c6+ {[%clk 0:07:20]} Kc8 {[%clk 0:11:58]} 54. d5
{[%clk 0:07:22]} Kb8 {[%clk 0:12:05]} 55. d6 {[%clk 0:07:25]} Kc8
{[%clk 0:12:15]} 56. d7+ {[%clk 0:06:34]} Kd8 {[%clk 0:12:23]} 57. b7
{[%clk 0:06:33]} Ke7 {[%clk 0:12:31]} 58. b8=Q {[%clk 0:06:36]} Ke6
{[%clk 0:12:39]} 59. Kc5 {[%clk 0:06:31]} Kf6 {[%clk 0:12:45]} 60. Qe8
{[%clk 0:06:32]} g4 {[%clk 0:12:53]} 61. Kd5 {[%clk 0:06:37]} Kg5
{[%clk 0:13:01]} 62. Qe7+ {[%clk 0:06:42]} Kh6 {[%clk 0:13:10]} 63. Nf5+
{[%clk 0:06:46]} Kg6 {[%clk 0:13:18]} 64. Ke5 {[%clk 0:06:32]} g3
{[%clk 0:13:26]} 65. Qg7# 1-0

[Event "d12"]
[Site "?"]
[Date "2020.08.28"]
[Round "9.1"]
[White "Salamon, Julia"]
[Black "Szczotka, Klara"]
[Result "0-1"]
[BlackElo "1553"]
[WhiteElo "1324"]
[LiveChessVersion "1.4.8"]

1. d4 {[%clk 0:15:19]} Nf6 {[%clk 0:15:20]} 2. c4 {[%clk 0:15:25]} e6
{[%clk 0:15:29]} 3. Nf3 {[%clk 0:15:33]} d5 {[%clk 0:15:38]} 4. Nc3
{[%clk 0:15:40]} b6 {[%clk 0:15:32]} 5. e3 {[%clk 0:15:17]} Bb7 {[%clk 0:15:41]}
6. Bd3 {[%clk 0:15:25]} Nbd7 {[%clk 0:15:42]} 7. O-O {[%clk 0:14:49]} Be7
{[%clk 0:15:47]} 8. b3 {[%clk 0:14:57]} O-O {[%clk 0:15:51]} 9. Bb2
{[%clk 0:15:05]} Rc8 {[%clk 0:15:51]} 10. Rc1 {[%clk 0:15:13]} c5
{[%clk 0:15:54]} 11. Qe2 {[%clk 0:13:26]} Ne4 {[%clk 0:14:28]} 12. Rfd1
{[%clk 0:11:51]} Nxc3 {[%clk 0:14:25]} 13. Bxc3 {[%clk 0:11:48]} Nf6
{[%clk 0:14:30]} 14. Bb2 {[%clk 0:11:02]} Qc7 {[%clk 0:14:01]} 15. Qc2
{[%clk 0:10:17]} h6 {[%clk 0:14:00]} 16. Qe2 {[%clk 0:10:09]} Rfd8
{[%clk 0:14:04]} 17. Ne5 {[%clk 0:08:29]} Bd6 {[%clk 0:12:34]} 18. f4
{[%clk 0:07:44]} Ne4 {[%clk 0:11:17]} 19. Qg4 {[%clk 0:06:17]} f5
{[%clk 0:08:15]} 20. Qg6 {[%clk 0:05:52]} Qe7 {[%clk 0:08:09]} 21. Bxe4
{[%clk 0:05:18]} fxe4 {[%clk 0:06:53]} 22. Ng4 {[%clk 0:05:04]} Kf8
{[%clk 0:02:49]} 23. dxc5 {[%clk 0:02:21]} Bxc5 {[%clk 0:01:45]} 24. Qh7
{[%clk 0:02:30]} Qf7 {[%clk 0:00:50]} 25. Qh8+ {[%clk 0:01:00]} Ke7
{[%clk 0:00:36]} 26. Qxg7 {[%clk 0:01:08]} Qxg7 {[%clk 0:00:45]} 27. Bxg7
{[%clk 0:01:17]} Kf7 {[%clk 0:00:19]} 28. Bxh6 {[%clk 0:01:17]} Rh8
{[%clk 0:00:22]} 29. Ne5+ {[%clk 0:01:26]} Ke7 30. Ng6+ Kf7 31. Ne5+
{[%clk 0:01:26]} Ke8 {[%clk 0:00:23]} 32. Bg5 {[%clk 0:03:10]} Bxe3+
{[%clk 0:00:31]} 33. Kh1 {[%clk 0:02:59]} Bxc1 {[%clk 0:00:37]} 34. Rxc1
{[%clk 0:03:08]} d4 {[%clk 0:00:28]} 35. g4 {[%clk 0:02:21]} d3 {[%clk 0:00:23]}
36. Kg1 {[%clk 0:01:39]} Rg8 {[%clk 0:00:18]} 37. Kf2 {[%clk 0:01:29]} Rc5
{[%clk 0:00:27]} 38. h4 {[%clk 0:01:31]} b5 {[%clk 0:00:26]} 39. Ke3
{[%clk 0:01:25]} bxc4 {[%clk 0:00:30]} 40. Nxc4 {[%clk 0:01:22]} Bd5
{[%clk 0:00:32]} 41. Nd6+ {[%clk 0:01:27]} Kd7 {[%clk 0:00:42]} 42. Rxc5
{[%clk 0:01:33]} Kxd6 {[%clk 0:00:51]} 43. Rc3 {[%clk 0:01:23]} Rb8
{[%clk 0:00:47]} 44. h5 {[%clk 0:01:28]} Rg8 {[%clk 0:00:54]} 45. h6
{[%clk 0:01:21]} e5 {[%clk 0:00:54]} 46. Bf6 {[%clk 0:00:59]} exf4+
{[%clk 0:01:03]} 47. Kxf4 {[%clk 0:01:08]} d2 {[%clk 0:01:10]} 48. Be5+
{[%clk 0:00:47]} Ke6 {[%clk 0:01:18]} 49. h7 {[%clk 0:00:55]} Rf8+
{[%clk 0:01:27]} 50. Kg5 {[%clk 0:00:25]} Kxe5 {[%clk 0:01:25]} 51. Rh3
{[%clk 0:00:21]} d1=Q {[%clk 0:01:32]} 52. h8=Q+ {[%clk 0:00:18]} Rxh8
{[%clk 0:01:41]} 53. Rxh8 {[%clk 0:00:27]} Qd2+ {[%clk 0:01:48]} 54. Kg6
{[%clk 0:00:32]} Qf4 {[%clk 0:01:55]} 0-1

[Event "d12"]
[Site "?"]
[Date "2020.08.28"]
[Round "9.2"]
[White "Seemann, Pola"]
[Black "Zielinska, Aleksandra"]
[Result "1-0"]
[BlackElo "1196"]
[WhiteElo "1226"]
[LiveChessVersion "1.4.8"]

1. e4 {[%clk 0:15:19]} c5 {[%clk 0:15:19]} 2. Nf3 {[%clk 0:15:28]} d6
{[%clk 0:15:28]} 3. d4 {[%clk 0:15:36]} cxd4 {[%clk 0:15:36]} 4. Nxd4
{[%clk 0:15:45]} Nf6 {[%clk 0:15:45]} 5. Nc3 {[%clk 0:15:54]} g6 {[%clk 0:15:53]}
6. Be3 {[%clk 0:16:01]} Bg7 {[%clk 0:16:02]} 7. f3 {[%clk 0:16:10]} Nc6
{[%clk 0:16:02]} 8. Qd2 {[%clk 0:16:15]} O-O {[%clk 0:15:21]} 9. Bc4
{[%clk 0:16:21]} a6 {[%clk 0:14:57]} 10. O-O-O {[%clk 0:16:23]} Nxd4
{[%clk 0:14:17]} 11. Bxd4 {[%clk 0:16:30]} b5 {[%clk 0:14:21]} 12. Bb3
{[%clk 0:16:31]} Bd7 {[%clk 0:14:07]} 13. Kb1 {[%clk 0:16:30]} a5
{[%clk 0:13:57]} 14. g4 {[%clk 0:15:41]} a4 {[%clk 0:12:36]} 15. Bd5
{[%clk 0:15:44]} Nxd5 {[%clk 0:11:41]} 16. Nxd5 {[%clk 0:15:47]} Be6
{[%clk 0:10:50]} 17. Bxg7 {[%clk 0:15:07]} Kxg7 {[%clk 0:10:49]} 18. h4
{[%clk 0:14:50]} Bxd5 {[%clk 0:10:32]} 19. Qxd5 {[%clk 0:14:53]} Qb6
{[%clk 0:09:45]} 20. h5 {[%clk 0:14:57]} Qc5 {[%clk 0:09:34]} 21. Qd2
{[%clk 0:14:46]} g5 {[%clk 0:07:36]} 22. Qe2 {[%clk 0:13:11]} e6 {[%clk 0:06:58]}
23. Qh2 {[%clk 0:12:56]} Rfd8 {[%clk 0:05:35]} 24. h6+ {[%clk 0:12:22]} Kg8
{[%clk 0:05:00]} 25. Qd2 {[%clk 0:12:10]} Qe5 {[%clk 0:04:29]} 26. Rh5
{[%clk 0:12:02]} f6 {[%clk 0:04:26]} 27. f4 {[%clk 0:10:27]} Qxf4
{[%clk 0:04:09]} 28. Qxf4 {[%clk 0:10:35]} gxf4 {[%clk 0:04:17]} 29. Rxb5
{[%clk 0:10:44]} Ra6 {[%clk 0:03:27]} 30. Rb7 {[%clk 0:10:36]} d5
{[%clk 0:03:11]} 31. Rg7+ {[%clk 0:10:43]} Kh8 {[%clk 0:03:20]} 32. Rf7
{[%clk 0:10:47]} e5 {[%clk 0:02:49]} 33. exd5 {[%clk 0:10:49]} Rad6
{[%clk 0:02:55]} 34. c4 {[%clk 0:10:53]} Kg8 {[%clk 0:02:58]} 35. Ra7
{[%clk 0:10:56]} e4 {[%clk 0:02:58]} 36. Rxa4 {[%clk 0:10:40]} Kf7
{[%clk 0:02:37]} 37. Ra3 {[%clk 0:10:36]} Kg6 {[%clk 0:02:43]} 38. Re1
{[%clk 0:10:08]} e3 {[%clk 0:02:29]} 39. Kc2 {[%clk 0:09:14]} Kxh6
{[%clk 0:02:28]} 40. Kd3 {[%clk 0:08:53]} Kg5 {[%clk 0:02:14]} 41. Ke4
{[%clk 0:08:55]} Re8+ {[%clk 0:01:55]} 42. Kf3 {[%clk 0:08:58]} f5
{[%clk 0:01:37]} 43. gxf5 {[%clk 0:08:40]} Kxf5 {[%clk 0:01:45]} 44. Rh1
{[%clk 0:08:01]} h6 {[%clk 0:01:38]} 45. Rd3 {[%clk 0:07:35]} Rf8
{[%clk 0:00:37]} 46. Rd4 {[%clk 0:07:25]} Kg5 {[%clk 0:00:27]} 47. Rg1+
{[%clk 0:07:30]} Kf6 {[%clk 0:00:20]} 48. Rxf4+ {[%clk 0:07:37]} Ke7
{[%clk 0:00:28]} 49. Rxf8 {[%clk 0:07:36]} Kxf8 {[%clk 0:00:36]} 50. Kxe3
{[%clk 0:07:41]} Kf7 {[%clk 0:00:42]} 51. Kd4 {[%clk 0:07:45]} h5
{[%clk 0:00:27]} 52. Rh1 {[%clk 0:07:52]} Rh6 {[%clk 0:00:36]} 53. b4
{[%clk 0:07:59]} h4 {[%clk 0:00:41]} 54. c5 {[%clk 0:08:07]} h3 {[%clk 0:00:49]}
55. b5 {[%clk 0:08:12]} Kf6 {[%clk 0:00:52]} 56. b6 {[%clk 0:08:21]} Rh4+
{[%clk 0:01:00]} 57. Kc3 {[%clk 0:08:26]} Ke5 {[%clk 0:01:07]} 58. b7
{[%clk 0:08:32]} Rh8 {[%clk 0:01:14]} 59. c6 {[%clk 0:08:37]} Kd6
{[%clk 0:01:11]} 60. Kb4 {[%clk 0:08:36]} Rb8 {[%clk 0:01:09]} 61. Kc4
{[%clk 0:08:36]} Rh8 {[%clk 0:01:14]} 62. Rxh3 {[%clk 0:08:41]} 1-0